| Tag |
First Indicator |
Second Indicator |
Subfields |
| LEADER |
00000cam a2200000Ma 4500 |
| 001 |
in00004772467 |
| 006 |
m o d |
| 007 |
cr cnu---unuuu |
| 008 |
120823s2012 gw ob 000 0 ger d |
| 005 |
20240212223139.8 |
| 010 |
|
|
|a 2012038012
|
| 035 |
|
|
|a (OCoLC)ocn874266051
|
| 040 |
|
|
|a EUX
|b eng
|e pn
|c EUX
|d YDXCP
|d EBLCP
|d OCLCA
|d OCLCQ
|d IAS
|d OCLCQ
|d WY@
|d DEGRU
|d VT2
|d OCLCF
|d MERER
|d OCLCQ
|d OCLCO
|d WYU
|d OCLCQ
|d N$T
|d AUD
|d OCLCO
|d OCLCQ
|d OCLCO
|
| 019 |
|
|
|a 903621230
|a 1021250119
|a 1048151241
|a 1066449318
|a 1107365218
|a 1111181473
|a 1202563796
|a 1235824340
|
| 020 |
|
|
|a 3110266342
|
| 020 |
|
|
|a 9783110266344
|q (electronic bk.)
|
| 020 |
|
|
|z 9783110266337
|q (hardcover ;
|q acid-free paper)
|
| 020 |
|
|
|z 3110266334
|q (hardcover ;
|q acid-free paper)
|
| 035 |
|
|
|a (OCoLC)874266051
|z (OCoLC)903621230
|z (OCoLC)1021250119
|z (OCoLC)1048151241
|z (OCoLC)1066449318
|z (OCoLC)1107365218
|z (OCoLC)1111181473
|z (OCoLC)1202563796
|z (OCoLC)1235824340
|
| 041 |
0 |
|
|a ger
|b eng
|
| 050 |
|
4 |
|a CC175
|
| 072 |
|
7 |
|a N
|2 lcco
|
| 072 |
|
7 |
|a D
|2 lcco
|
| 082 |
1 |
4 |
|a [E]
|
| 084 |
|
|
|a NF 1121
|2 rvk
|0 (DE-625)rvk/125194:
|
| 049 |
|
|
|a TXAM
|
| 245 |
0 |
0 |
|a Bild, Raum, Handlung :
|b Perspektiven der Archäologie /
|c herausgegeben von Ortwin Dally, Susanne Moraw, Hauke Ziemssen.
|
| 260 |
|
|
|a Berlin :
|b De Gruyter Saur,
|c 2012.
|
| 300 |
|
|
|a 1 online resource (VI;253 pages).
|
| 336 |
|
|
|a text
|b txt
|2 rdacontent
|
| 337 |
|
|
|a computer
|b c
|2 rdamedia
|
| 338 |
|
|
|a online resource
|b cr
|2 rdacarrier
|
| 490 |
1 |
|
|a Topoi. Berlin studies of the ancient world ;
|v v. 11
|
| 505 |
0 |
0 |
|t Frontmatter --
|t Inhaltsverzeichnis --
|t Einleitung --
|t Bilderwelt, Lebensordnung und die Rolle des Betrachters im antiken Griechenland --
|t Bild und Naturraum --
|t Von Bildern zu Bühnen: Die Geoglyphen von Palpa und Nasca (Süd-Peru) in ihrem räumlichen und sozialen Kontext --
|t Umwelt und sozialer Kontext der paläolithischen Freilandkunst im Côa-Tal (Portugal) --
|t Bilder im städtischen Raum --
|t Archäologie der Menschenmenge --
|t Der Herrscher im Tempel --
|t Bilder als Elemente von Innenräumen --
|t In die Augen, in den Sinn. Wandbilder als konstitutive Elemente von (Handlungs- )Räumen in der minoischen : eupalastzeit9 --
|t Going Round in Circles --
|t Bild -- Raum -- Handlung. Die Faustinathermen in Milet --
|t Bilder als Elemente ritueller Handlungen --
|t Die megalithischen Kreisanlagen des steinzeitlichen Göbekli Tepe.
|
| 504 |
|
|
|a Includes bibliographical references.
|
| 520 |
|
|
|a Die Beiträge erfassen bildliche Ausdrucksformenprähistorischer, vorderasiatischer, minoischer undmykenischer, griechisch-römischer und südamerikanischerKulturen als Bestandteile ihres architektonischen oder naturräumlichen Kontextes. Dabei stehen die gesellschaftlichenWirkungsmöglichkeiten des Mediums Bild' im Mittelpunkt.Bildwerke sind keine bloßen Objekte der Betrachtung; siebesitzen unmittelbaren Einfluss auf Wahrnehmungs- undHandlungsweisen. Als Elemente alltäglicher oder zeremoniellgegliederter Bewegungen gestalten sie Räume - privateRäume ebenso wie öffentliche, Städte, Häuser und Palästeebenso wie Landschaften. Ziel des Bandes ist es, diese Bild- und Raumkonzeptionen mit methodischen Ansätzen aus denBildwissenschaften zu analysieren.
|
| 546 |
|
|
|a Articles in German with English abstracts.
|
| 650 |
|
0 |
|a Archaeology and art
|v Case studies.
|
| 650 |
|
0 |
|a Excavations (Archaeology)
|v Case studies.
|
| 650 |
|
0 |
|a Art, Ancient
|v Case studies.
|
| 650 |
|
6 |
|a Archéologie et art
|v Études de cas.
|
| 650 |
|
6 |
|a Fouilles (Archéologie)
|v Études de cas.
|
| 650 |
|
6 |
|a Art antique
|v Études de cas.
|
| 650 |
|
7 |
|a ART / History / Ancient & Classical.
|2 bisacsh
|
| 650 |
|
7 |
|a Archaeology and art
|2 fast
|
| 650 |
|
7 |
|a Art, Ancient
|2 fast
|
| 650 |
|
7 |
|a Excavations (Archaeology)
|2 fast
|
| 653 |
|
|
|a Archeology.
|
| 653 |
|
|
|a Art History.
|
| 653 |
|
|
|a Performativity.
|
| 653 |
|
|
|a Sociology of Space.
|
| 653 |
|
|
|a Visual Studies.
|
| 655 |
|
7 |
|a Electronic books.
|2 local
|
| 655 |
|
7 |
|a Case studies
|2 fast
|
| 700 |
1 |
|
|a Ziemssen, Hauke.
|
| 700 |
1 |
|
|a Dally, Ortwin.
|
| 700 |
1 |
|
|a Moraw, Susanne.
|
| 710 |
2 |
|
|a Walter de Gruyter & Co.
|
| 776 |
0 |
8 |
|i Print version:
|t Bild, Raum, Handlung.
|d Berlin : De Gruyter Saur, 2012
|z 9783110266337
|z 3110266334
|w (DLC) 2012038012
|w (OCoLC)812531168
|
| 830 |
|
0 |
|a Topoi (Berlin, Germany) ;
|v v. 11.
|
| 856 |
4 |
0 |
|u https://www.degruyter.com/openurl?genre=book&isbn=9783110266344
|z Connect to the full text of this electronic book
|t 0
|
| 955 |
|
|
|a De Gruyter Open Access ebooks
|
| 994 |
|
|
|a 92
|b TXA
|
| 999 |
f |
f |
|s 6bc6f85f-c779-4d89-a436-d9045cfd6422
|i 951938e2-a9aa-465b-86f2-61ad3d96fd70
|t 0
|
| 952 |
f |
f |
|a Texas A&M University
|b College Station
|c Electronic Resources
|d Available Online
|t 0
|e CC175
|h Library of Congress classification
|
| 998 |
f |
f |
|a CC175
|t 0
|l Available Online
|